| 000 | 00564nam a22001697a 4500 | ||
|---|---|---|---|
| 005 | 20241106114859.0 | ||
| 008 | 241106b |||||||| |||| 00| 0 eng d | ||
| 020 | _a0-86715-402-0 | ||
| 082 |
_a617.605 _bADV |
||
| 245 |
_aAdvances in Operative Dentistry-1: _bcontempoary Clinical Practice / _cEdited by Jean-Francois Roulet ; Nairn H.F.Wilson ; Massimo Fuzzi |
||
| 260 |
_aGermany : _bQuintessence Publishing Co ; _c2001 . |
||
| 300 |
_a263 P. : _bill. ; _c26 cm . |
||
| 490 | _vvol.1 | ||
| 500 | _aInclude Index. | ||
| 650 | _aMedical / Dentistry | ||
| 999 |
_c36762 _d36762 |
||